00521nam a2200169 45000010005000000030009000050050017000140080041000310400038000720820024001102450066001342600045002003000022002455050012002676500044002797000028003239574BD-DhUAP20200217102940.0200216s1992 bg mx p w 0 a0eng d aBD-DhAALcBD-DhAALbEngdBD-DhUAP00223a340.5492115 BAN00aBangladesh legal decision /cedited by A. T. M. Kamrul Islam. aDhaka :bBangladesh Bar Council,cc1992. avolumes ;c26 cm. aV. 12-- aLawxPsychological aspectszBangladesh. aIslam, A. T. M. Kamrul.